000 00585nam a2200169 i 4500
001 38619
003 ES-MaACL
005 20250902043839.0
007 t|
008 030226s1967 sp ||||1| spa d
245 0 0 _aCamiones modelos: 1090 DR, 1090 LDR, 2030 DR
_b: instrucciones y entretenimiento.
260 _aMadrid, etc. :
_bPegaso-Comet. Empresa Nacional de Autocamiones,
_c1967.
300 _a152 p., 12 lám. :
_bil. ;
_c21 cm.
710 2 _aEmpresa Nacional de Autocamiones.
_bPegaso-Comet
_96202
852 _aES-MaACL
_jC-32817
_bR.63339
999 _c38619
_d38619